Helsinki-Vantaa airport airlines - Statistics

General Stats
  • This quiz has been taken 231 times
  • The average score is 10 of 23
Answer Stats
Answer % Correct
Finnair
100%
Norwegian Air Shuttle
86%
Ryanair
81%
Scandinavian Airlines
81%
Lufthansa
78%
Air France
72%
KLM
72%
airBaltic
68%
Turkish Airlines
62%
Japan Airlines
56%
TUI Airways
38%
TUI fly Nordic
38%
Icelandair
36%
Aegean Airlines
31%
Pegasus Airlines
23%
Eurowings
19%
Juneyao Airlines
19%
Braathens Regional Airlines
13%
Sunclass Airlines
13%
Budapest Aircraft Service
6%
SunExpress
6%
NyxAir
2%
Trade Air
2%
No matching quizzes found
Score Distribution
Percent of People with Each Score
Percentile by Number Answered
Your Score History
You have not taken this quiz